| 000 | 01125nam a2200397 a 4500 | ||
|---|---|---|---|
| 003 | AR-BaBNM | ||
| 005 | 20251128210539.0 | ||
| 008 | 082120s2002 ||||||||||||||000 | spa|| | ||
| 020 | _a84-7960-086-1 | ||
| 040 | _cAR-BaBNM | ||
| 100 | 1 | _aMcMahon, Barrie | |
| 245 | 0 | 0 | _aHistorias y estereotipos |
| 250 | _a1ª ed. | ||
| 260 |
_aMadrid _bEdiciones de la Torre _c1997 |
||
| 300 |
_a245 p. _bil., tablas |
||
| 490 | 0 |
_aProyecto didáctico Quirón. Medios de comunicación y enseñanza _vv. 55 |
|
| 500 | _aContiene referencias bibliográficas | ||
| 650 | 4 | _aMEDIOS DE COMUNICACION | |
| 650 | 4 | _aPROCESO DE COMUNICACION | |
| 650 | 4 | _aESTEREOTIPOS | |
| 650 | 4 | _aSUBJETIVIDAD | |
| 650 | 4 | _aABORIGENES | |
| 650 | 4 | _aGITANOS | |
| 650 | 4 | _aMETODOS DE ENSEÑANZA | |
| 650 | 4 | _aACTIVIDADES DE APRENDIZAJE | |
| 651 | 4 | _aEspaña | |
| 653 | _aNARRATIVA | ||
| 653 | _aENSENANZA DE LA LENGUA | ||
| 653 | _aTEMAS TRANSVERSALES | ||
| 653 | _aANALISIS DEL DISCURSO | ||
| 653 | _aEDUCACION SECUNDARIA | ||
| 700 | 1 | _aQuin, Robyn | |
| 800 | 1 |
_aAparici, Roberto _ecoordinador |
|
| 942 | _cBK | ||
| 998 | _cRAQUEL | ||
| 999 |
_c15891 _d15891 |
||